Vascos en Barcelona. Etnicidad y migración vasca hacia Cataluña en el siglo XX

שמור ב:
מידע ביבליוגרפי
מחבר ראשי: Medina, F. Xavier (autor)
פורמט: ספר
שפה:ספרדית
אנגלית
קטלאנית
יצא לאור: San Sebastián Eusko Jaurlaritza 2002
סדרה:Colección Urazandi Bilduma, 5
נושאים:
תגים: הוספת תג
אין תגיות, היה/י הראשונ/ה לתייג את הרשומה!

MARC

LEADER 00000nam a2200000 a 4500
001 UCL5866
003 CL-VaPUC
008 040319e20020000sp |||||||||||||||||spa|d
020 |a 8445719157 
041 0 7 |a spa  |2 CL-VaPUC 
041 0 7 |a eng  |2 CL-VaPUC 
041 0 7 |a cat  |2 CL-VaPUC 
082 0 4 |a 303.482  |b MED  |2 21 
100 |a Medina, F. Xavier  |e autor  |9 483582 
245 1 0 |a Vascos en Barcelona. Etnicidad y migración vasca hacia Cataluña en el siglo XX 
300 |a 322 p 
942 |c BK 
945 |d 20040319 00:00:00  |a cmena 
260 |a San Sebastián  |b Eusko Jaurlaritza  |c 2002 
600 0 7 |a COMUNIDAD VASCA  |2 CL-VaPUC  |9 483583 
650 0 |a Influencia social  |9 309315 
650 0 |a Emigración  |9 343094 
650 0 |a Cambio social   |9 256857 
650 0 |a Costumbres y tradiciones   |9 268292 
650 0 |a Desarrollo económico y social   |9 256320 
651 7 |a BARCELONA  |2 CL-VaPUC  |9 267989 
583 |a last modification  |c 20150507 04:11:29  |k Rodrigo Vera 
490 0 |a Colección Urazandi Bilduma, 5 
999 |c 308246  |d 308244 
952 |0 0  |1 0  |4 0  |6 303_482000000000000_MED_2002  |7 0  |8 A  |9 374590  |a BIBHIS  |b BIBHIS  |d 2019-11-21  |i 3987973  |l 2  |m 2  |o 303.482 MED 2002  |p 3987973  |r 2025-01-20  |s 2023-10-19  |w 2019-11-21  |y BK  |k HIS